| 000 | 003210000a22001090004500 | ||
|---|---|---|---|
| 090 |
_aAR _b04426 |
||
| 245 | 1 | 0 |
_aLista de especies de orquídeas registradas para Colombia _sadiciones y correcciones |
| 041 | 0 | _aEspañol | |
| 100 | 1 |
_aOrtiz, Pedro _998310 |
|
| 942 | _cARTICULO | ||
| 773 | 1 |
_tOrquideología _h3 _q341-350 _d2000 _g21 |
|
| 999 |
_c13524 _d13524 |
||